000 00677nam a2200181 a 4500
001 000036560
005 20200930075811.0
008 120120s1999 sp 000 0 spa d
020 _a8401012376
040 _aDO-SdBNP
_bspa
_cBNPHU
082 _axxxx
_bxxxx
100 1 _aChin-Ning Chu
_962821
245 1 0 _aHacer menos, conseguir más :
_bla importancia de la armonía interior para conseguir mayor satisfacción con menos esfuerzo /
_cChin-Ning Chu ; prólogo Denis Waitley ; traducción Elvira Heredia.
260 _aBarcelona, :
_bPlaza & Juanes,
_c1999.
300 _a174 p. ;
_c22 cm.
700 1 _aWaitley, Denis,
_epról.
_962822
700 1 _aHeredia, Elvira,
_etr.
_962823
999 _c36051
_d36051